000 01498cam a22003615i 4500
999 _c2031
_d2031
003 EG-ScBUE
005 20200108124439.0
008 190725t20022002inu f 001 0 eng d
020 _a076456403X (pbk.)
020 _a9780764564031
035 _a(OCoLC)ocm50621213
040 _aEG-ScBUE
_beng
_erda
_cEG-ScBUE
_dEG-ScBUE
082 0 4 _a808.06665
_bWOR
_222
100 1 _aWorth, Richard,
_eauthor.
245 1 0 _aWebster's New World business writing handbook /
_cby Richard Worth.
246 3 0 _aBusiness writing handbook
264 1 _aIndianapolis, indiana :
_bWiley Publishing.Inc,
_c[2002]
264 4 _cc2002
300 _axi, 372 pages :
_billustrations ;
_c24 cm
336 _atext
_btxt
_2rdacontent
337 _aunmediated
_bn
_2rdamedia
338 _avolume
_bnc
_2rdacarrier
500 _aIncludes index.
520 _aOffers instruction and guidance on format, content, grammar, and mechanics for business and technical writing, and includes tips for presentations.
650 7 _aCommercial correspondence
_vHandbooks, manuals, etc.
_2BUEsh
650 7 _aBusiness writing
_vHandbooks, manuals, etc.
_2BUEsh
651 _2BUEsh
653 _bHHUUEENN
_cJune2019
856 4 2 _3Contributor biographical information
_uhttp://www.loc.gov/catdir/bios/wiley045/2002512545.html
856 4 2 _3Publisher description
_uhttp://www.loc.gov/catdir/description/wiley039/2002512545.html
856 4 2 _3Table of contents
_uhttp://www.loc.gov/catdir/toc/wiley031/2002512545.html
942 _cBB
_2ddc